000
00244nam a22001097a 4500
008
140514t xxu||||| |||| 00| 0 eng d
020
_a
978-3-924774-63-9
100
_a
Stefan Mauss
_9
844
245
_a
Hepatology
300
_a
499
942
_2
ddc
_c
BK
999
_c
17087
_d
17087